Colleges of NFL Starters - Statistics

General Stats
  • This quiz has been taken 583 times
    176 since last reset
  • The average score is 156 of 192
Answer Stats
Hint Answer % Correct
Bryce Young | Derrick Henry | Devonta Smith | +8 others Alabama
100%
Adonai Mitchell | Bijan Robinson | Gunnar Helm | +5 others Texas
99%
CJ Stroud | Chris Olave | Emeka Egbuka | +5 others Ohio State
98%
Aaron Rodgers | Jared Goff | Keenan Allen Cal
97%
Brian Thomas Jr. | Ja'Marr Chase | Jayden Daniels | +4 others LSU
97%
AJ Barner | Colston Loveland | JJ McCarthy | +2 others Michigan
97%
DeAndre Hopkins | Hunter Renfrow | Tee Higgins | +2 others Clemson
96%
Brock Bowers | D'Andre Swift | Darnell Washington | +5 others Georgia
96%
Chimere Dike | Demarcus Robinson | Kyle Pitts | +2 others Florida
95%
Bo Nix | Bucky Irving | Justin Herbert | +3 others Oregon
95%
Amon-Ra St. Brown | Caleb Williams | Drake London | +5 others USC
94%
Jalen Nailor | Kenneth Walker III | Kirk Cousins Michigan State
93%
Brenton Strange | Chris Godwin Jr. | Jahan Dotson | +5 others Penn State
93%
Baker Mayfield | CeeDee Lamb | Mark Andrews Oklahoma
92%
AJ Brown | DK Metcalf | Evan Engram | Jaxson Dart Ole Miss
92%
Patrick Mahomes Texas Tech
90%
Cade Otton | Rome Odunze Washington
90%
Tetairoa McMillan Arizona
88%
Shadeur Sanders Colorado
88%
George Kittle | TJ Hockenson Iowa
88%
Lamar Jackson | Tyler Shough Louisville
88%
Drake Maye | Javonte Williams | Josh Downs | Mack Hollins North Carolina
88%
Cam Ward Miami
85%
Deebo Samuel Sr. | Rico Dowdle | Xavier Legette South Carolina
85%
Ashton Jeanty | Khalil Shakir Boise State
84%
Dak Prescott Mississippi State
84%
Josh Allen Wyoming
84%
Allen Lazard | Breece Hall | Brock Purdy | Jayden Higgins Iowa State
83%
Christian McCaffrey | Colby Parkinson | Dalton Schultz | +3 others Stanford
83%
Dalton Kincaid | Devaughn Vele Utah
83%
Jake Ferguson | Jonathan Taylor Wisconsin
83%
Puka Nacua BYU
82%
Alec Pierce | Travis Kelce | Tre Tucker Cincinnati
81%
Daniel Jones Duke
81%
Christian Kirk | De'Von Achane Texas A&M
79%
Luther Burden III Missouri
78%
Alvin Kamara | Cedric Tillman | Jauan Jennings | Joshua Palmer Tennessee
78%
David Sills V | Geno Smith West Virginia
77%
Zay Flowers Boston College
76%
DJ Moore | Stefon Diggs Maryland
76%
Dont'e Thornton Jr. Tennnessee
76%
Brock Wright | Kyren Williams Notre Dame
70%
Quentin Johnston TCU
68%
Jordan Love Utah State
68%
Chris Rodriguez Jr. | Wan'Dale Robinson Kentucky
66%
Chase Brown | Pat Bryant Illinois
65%
Courtland Sutton | Rashee Rice SMU
65%
Rashod Bateman Minnesota
64%
Bam Knight | Jacoby Brissett | Jakobi Meyers North Carolina State
63%
Isaiah Pacheco Rutgers
63%
Hunter Henry | Treylon Burks Arkansas
62%
Davante Adams Fresno State
60%
Malik Washington Virginia
59%
Harold Fannin Jr. Bowling Green
58%
Darius Slayton Auburn
57%
RJ Harvey UCF
57%
Tyler Lockett Kansas State
55%
Cooper Kupp Eastern Washington
54%
Darnell Mooney Tulane
54%
Greg Dulcich UCLA
54%
Jaylen Warren Oklahoma State
51%
Aaron Jones Sr. UTEP
50%
Tyrone Tracy Jr. Purdue
49%
Tyrod Taylor Virginia Tech
49%
Oronde Gadsden II Syracuse
47%
Trey McBride Colorado State
46%
Nick Westbrook-Ikhine Indiana
46%
Calvin Austin III | Tony Pollard Memphis
46%
Isaiah Hodgins Oregon State
45%
Christian Watson North Dakota State
43%
Dallas Goedert South Dakota State
43%
Romeo Doubs Nevada
39%
Andrei Iosivas Princeton
38%
Greg Dortch Wake Forest
27%
Tyrell Shavers San Diego State
24%
Kimani Vidal Troy
20%
Rashid Shaheed Weber State
19%
Kalif Raymond Holy Cross
13%
Mason Tipton Yale
13%
Ryan Flournoy Southeast Missouri State
4%
No matching quizzes found
Score Distribution
Percent of People with Each Score
Percentile by Number Answered
Your Score History
You have not taken this quiz since the last reset